Theory of structure, (Record no. 533161)
[ view plain ]
| 000 -LEADER | |
|---|---|
| fixed length control field | 00686cam a22002411 4500 |
| 001 - CONTROL NUMBER | |
| control field | 8718510 |
| 003 - CONTROL NUMBER IDENTIFIER | |
| control field | NUST |
| 005 - DATE AND TIME OF LATEST TRANSACTION | |
| control field | 20191213111831.0 |
| 008 - FIXED-LENGTH DATA ELEMENTS--GENERAL INFORMATION | |
| fixed length control field | 760423s1918 enkf 000 0 eng |
| 010 ## - LIBRARY OF CONGRESS CONTROL NUMBER | |
| LC control number | 19013826 |
| 035 ## - SYSTEM CONTROL NUMBER | |
| System control number | (OCoLC)2133762 |
| 038 ## - RECORD CONTENT LICENSOR | |
| Staff Name | MSOHAIL |
| 040 ## - CATALOGING SOURCE | |
| Original cataloging agency | DLC |
| Transcribing agency | OAU |
| Modifying agency | DLC |
| 050 00 - LIBRARY OF CONGRESS CALL NUMBER | |
| Classification number | TG260 |
| Item number | .M78 1919 |
| 082 ## - DEWEY DECIMAL CLASSIFICATION NUMBER | |
| Classification number | 624 MOR |
| 100 1# - MAIN ENTRY--PERSONAL NAME | |
| Personal name | Morley, Arthur, |
| Dates associated with a name | 1876- |
| 9 (RLIN) | 26910 |
| 245 10 - TITLE STATEMENT | |
| Title | Theory of structure, |
| 260 ## - PUBLICATION, DISTRIBUTION, ETC. | |
| Place of publication, distribution, etc. | London, |
| Name of publisher, distributor, etc. | New York [etc] |
| -- | McGraw Hill., |
| Date of publication, distribution, etc. | 1918. |
| 300 ## - PHYSICAL DESCRIPTION | |
| Extent | xi, 421 p. |
| Other physical details | iv fold. pl., diagrs. |
| Dimensions | 23 cm. |
| 650 #0 - SUBJECT ADDED ENTRY--TOPICAL TERM | |
| Topical term or geographic name entry element | Structural analysis (Engineering) |
| 9 (RLIN) | 654 |
| 906 ## - LOCAL DATA ELEMENT F, LDF (RLIN) | |
| a | 7 |
| b | cbc |
| c | oclcrpl |
| d | u |
| e | ncip |
| f | 19 |
| g | y-gencatlg |
| 942 ## - ADDED ENTRY ELEMENTS (KOHA) | |
| Source of classification or shelving scheme | |
| Koha item type | Book |
| Withdrawn status | Lost status | Source of classification or shelving scheme | Damaged status | Not for loan | Permanent Location | Current Location | Date acquired | Total Checkouts | Full call number | Barcode | Date last seen | Price effective from | Koha item type |
|---|---|---|---|---|---|---|---|---|---|---|---|---|---|
| School of Civil and Environmental Engineering (SCEE) | School of Civil and Environmental Engineering (SCEE) | 12/13/2019 | 624 MOR | NIT-12910 | 12/13/2019 | 12/13/2019 | Book |
